[Event "Novosibirsk-ch sf"]
[Site "Novosibirsk"]
[Date "2008.01.23"]
[Round "8"]
[White "Gegamyan, Loris"]
[Black "Chesnokov, Gennady"]
[Result "1/2-1/2"]
[WhiteElo "2054"]
[BlackElo "1992"]
[PlyCount "62"]
[EventDate "2008.01.13"]
[EventType "swiss"]
[EventRounds "9"]
[EventCountry "RUS"]
[SourceTitle "EXT 2010"]
[Source "ChessBase"]
[SourceDate "2010.11.25"]
[SourceVersion "1"]
[SourceVersionDate "2010.11.25"]
[SourceQuality "1"]

1. d4 Nf6 2. c4 e6 3. Nc3 Bb4 4. Qc2 b6 5. e4 Bxc3+ 6. bxc3 d6 7. Bd3 e5 8. Ne2 Nh5 9. 0-0 Nc6 10. Be3 0-0 11. f4 g6 12. fxe5 dxe5 13. d5 Na5 14. c5 Nb7 15. c6 Nd6 16. Bh6 Ng7 17. Ng3 a5 18. Rf2 Qh4 19. Qd2 f6 20. Raf1 Rf7 21. Qe3 g5 22. Bxg7 Kxg7 23. Qd2 Bg4 24. Qe3 Raf8 25. Be2 Kg6 26. Bxg4 Qxg4 27. Qf3 Qxf3 28. Rxf3 h5 29. Re3 h4 30. Nf5 Nc4 31. Re2 Rd8 1/2-1/2

[Event "Novosibirsk-ch sf"]
[Site "Novosibirsk"]
[Date "2008.01.21"]
[Round "7"]
[White "Okladnikov, Gennady"]
[Black "Gegamyan, Loris"]
[Result "1-0"]
[WhiteElo "2217"]
[BlackElo "2054"]
[PlyCount "97"]
[EventDate "2008.01.13"]
[EventType "swiss"]
[EventRounds "9"]
[EventCountry "RUS"]
[SourceTitle "EXT 2010"]
[Source "ChessBase"]
[SourceDate "2010.11.25"]
[SourceVersion "1"]
[SourceVersionDate "2010.11.25"]
[SourceQuality "1"]

1. e4 c5 2. Nf3 d6 3. d4 Nf6 4. Bb5+ Bd7 5. Bxd7+ Qxd7 6. dxc5 Nxe4 7. cxd6 Nxd6 8. 0-0 Nc6 9. Bf4 e6 10. Ne5 Nxe5 11. Bxe5 f6 12. Bxd6 Bxd6 13. Qh5+ Qf7 14. Qb5+ Qd7 15. Nc3 0-0-0 16. Qb3 Rhe8 17. Rad1 Qc6 18. Nb5 Qb6 19. Qc3+ Kb8 20. Nxd6 Rxd6 21. Qg3 Red8 22. Rxd6 Qxd6 23. Qxg7 Qe5 24. Qg3 Qxg3 25. hxg3 Rd2 26. Rc1 Kc7 27. Kf1 Kc6 28. Ke1 Rd5 29. f4 e5 30. Ke2 Rd7 31. Ke3 Rg7 32. Kf3 Kd6 33. g4 exf4 34. Kxf4 Re7 35. Kf3 Rc7 36. c3 Ke6 37. b3 Kf7 38. c4 Rd7 39. Ke3 Kg6 40. c5 Kg5 41. Rc4 Re7+ 42. Kf3 Rd7 43. b4 Rd2 44. b5 Rxa2 45. c6 Ra3+ 46. Ke4 bxc6 47. bxc6 Ra1 48. c7 Re1+ 49. Kf3 1-0

[Event "Novosibirsk-ch sf"]
[Site "Novosibirsk"]
[Date "2008.01.13"]
[Round "1"]
[White "Akishin, Oleg"]
[Black "Gegamyan, Loris"]
[Result "0-1"]
[WhiteElo "1996"]
[BlackElo "2054"]
[PlyCount "116"]
[EventDate "2008.01.13"]
[EventType "swiss"]
[EventRounds "9"]
[EventCountry "RUS"]
[SourceTitle "EXT 2010"]
[Source "ChessBase"]
[SourceDate "2010.11.25"]
[SourceVersion "1"]
[SourceVersionDate "2010.11.25"]
[SourceQuality "1"]

1. e4 c5 2. c3 Nf6 3. e5 Nd5 4. d4 e6 5. c4 Nb6 6. d5 d6 7. f4 dxe5 8. Nc3 e4 9. dxe6 Qxd1+ 10. Kxd1 Bxe6 11. b3 f5 12. Bb2 Nc6 13. Nh3 0-0-0+ 14. Kc1 Be7 15. Nb5 Bf6 16. Bxf6 gxf6 17. Be2 Nd4 18. Nc3 Rd6 19. Re1 Rhd8 20. Nf2 Nxe2+ 21. Rxe2 a6 22. Kc2 h5 23. Rd1 Kc7 24. Rxd6 Rxd6 25. Nfd1 Nc8 26. Rd2 b5 27. Rxd6 Nxd6 28. cxb5 Nxb5 29. Ne3 Nd4+ 30. Kd2 Kb6 31. Ned1 c4 32. bxc4 Bxc4 33. a3 Nb5 34. a4 Nc7 35. Ne3 Be6 36. Ncd1 Kc5 37. Kc3 Nd5+ 38. Nxd5 Kxd5 39. Ne3+ Kc5 40. Nd1 Bd7 41. Nb2 Kb6 42. Kb4 Be6 43. Nd1 a5+ 44. Kc3 Kc5 45. Ne3 h4 46. g3 h3 47. Nd1 Bd7 48. Nb2 e3 49. Kd3 Kb4 50. Kxe3 Bxa4 51. Nd3+ Kc3 52. Nf2 Bc2 53. g4 fxg4 54. Nxg4 f5 55. Nf6 a4 56. Nd5+ Kc4 57. Nb6+ Kb3 58. Nd5 a3 0-1